000 00537nam a2200181 i 4500
001 42438
003 ES-MaACL
005 20230906160618.0
007 t|
008 030324s1906 ho ||||1| spa d
110 1 _aHonduras.
_94586
240 0 _aCódigo civil, 1906
245 1 0 _aRepública de Honduras
_b: Código civil.
260 _aTegucigalpa :
_b[s.n.],
_c1906 (
_fTip. Nacional)
300 _aIV, 347 p. ;
_c27 cm.
650 4 _aDerecho civil-
_zHonduras.
_9171523
852 _aES-MaACL
_jG-3331
_z- Encuadernado con otras obras
999 _c42438
_d42438